000 00805na a2200253 4500
001 23865
003 MIRAKIL
005 20181213155216.0
008 180111b tu 000 0
020 _a9789751957238
040 _aMilas
_btur
_cTR-AnCHP
041 _atur
082 _a811.4208
_bF37 2013
090 _a811.4208 F37 2013
245 _aFetret çağında hikmet burcundan şiirler
_bSeçki
_chazırlayan: Sadık Yalsızuçanlar; editör Mustafa Tatcı
260 _aAnkara
_bDiyanet İşleri Başkanlığı (DİB)
_c2013
300 _a556 s.
_c17 sm.
440 _aDiyanet İşleri Başkanlığı Yayınları
_v944
490 _aEdebi eserler
_v24
650 _aTürk şiiri
_xAntoloji
700 _aTatcı, Mustafa
_eed.
700 _aYalsızuçanlar, Sadık
_ehaz.
942 _2ddc
_cBKS
999 _c8560
_d8560